00437nmm a2200157Ia 4500008004100000020001800041041000800059100002000067245002500087264004500112300001800157650002900175856005100204942000700255999001700262251105s9999||||xx |||||||||||||||||und|| a9788415608172 aspa aWrobel, Ronaldo 0aTraduciendo a Hannah a[Madrid, España] :bAlevosía, c2012 a224 páginas aLatin American narrative uhttps://public.digitaliapublishing.com/a/31986 cCF c76885d76885